000 00673nam a2200229Ia 4500
999 _c4241
_d4241
003 OSt
005 20200219142958.0
008 191128s2006 sp a ar 000 j spa d
020 _a8487680844
040 _aCO-JMCR
_cCO-JMCR
041 0 _aspa
082 0 4 _aA /
_bNOVb
100 1 _aNovick, Mary,
_eautora
_9750
245 1 0 _aBichitos /
_cMary Novick y Jenny Hale
260 _aMadrid :
_bArtime,
_c2006
300 _a[15] páginas sin numerar :
_bprincipalmente ilustraciones a color ;
_c25 cm.
490 0 _aFácil y divertido
650 1 4 _aLiteratura infantil
_9648
650 1 4 _aAlbum infantil
_9751
700 1 _aHale, Jenny,
_eautora
_9752
942 _2ddc
_cBK